Eastern Utah Libraries Catalog: Duchesne, Heber, Roosevelt, & Vernal

The smashing scroll / (Record no. 303572)

MARC details
000 -LEADER
fixed length control field 02070cam a22005418i 4500
001 - CONTROL NUMBER
control field ocn973290660
003 - CONTROL NUMBER IDENTIFIER
control field OCoLC
005 - DATE AND TIME OF LATEST TRANSACTION
control field 20200320205156.0
008 - FIXED-LENGTH DATA ELEMENTS--GENERAL INFORMATION
fixed length control field 170505t20172018mnu c 000 1 eng
010 ## - LIBRARY OF CONGRESS CONTROL NUMBER
LC control number 2017006430
020 ## - INTERNATIONAL STANDARD BOOK NUMBER
International Standard Book Number 9781496555267 (library hardcover)
020 ## - INTERNATIONAL STANDARD BOOK NUMBER
International Standard Book Number 1496555260 (library hardcover)
020 ## - INTERNATIONAL STANDARD BOOK NUMBER
International Standard Book Number 9781496555328 (paperback)
020 ## - INTERNATIONAL STANDARD BOOK NUMBER
International Standard Book Number 1496555325 (paperback)
035 ## - SYSTEM CONTROL NUMBER
System control number (OCoLC)973290660
040 ## - CATALOGING SOURCE
Original cataloging agency DLC
Language of cataloging eng
Description conventions rda
Transcribing agency DLC
Modifying agency BTCTA
-- YDX
-- WACOL
042 ## - AUTHENTICATION CODE
Authentication code pcc
-- lcac
049 ## - LOCAL HOLDINGS (OCLC)
Holding library WACL
050 00 - LIBRARY OF CONGRESS CALL NUMBER
Classification number PZ7.D15134
Item number Sm 2017
082 00 - DEWEY DECIMAL CLASSIFICATION NUMBER
Classification number [Fic]
Edition number 23
092 ## - LOCALLY ASSIGNED DEWEY CALL NUMBER (OCLC)
Classification number junior fiction
Item number Dah
100 1# - MAIN ENTRY--PERSONAL NAME
Personal name Dahl, Michael,
Relator term author.
9 (RLIN) 44367
245 14 - TITLE STATEMENT
Title The smashing scroll /
Statement of responsibility, etc by Michael Dahl ; illustrated by Bradford Kendall.
250 ## - EDITION STATEMENT
Edition statement 10th anniversary edition.
263 ## - PROJECTED PUBLICATION DATE
Projected publication date 1708
264 #1 - Production, Publication, Distribution, Manufacture, and Copyright Notice.
Place of production, publication, distribution, manufacture North Mankato, Minnesota :
Name of producer, publisher, distributor, manufacturer Stone Arch Books,
Date of production, publication, distribution, manufacture, or copyr 2017.
264 #4 - Production, Publication, Distribution, Manufacture, and Copyright Notice.
Date of production, publication, distribution, manufacture, or copyr ©2018
300 ## - PHYSICAL DESCRIPTION
Extent pages cm.
336 ## - Content Type
Content type term text
337 ## - Media type
Media type term unmediated
338 ## - Carrier type
Carrier type term volume
490 0# - SERIES STATEMENT
Series statement Library of Doom
520 ## - SUMMARY, ETC.
Summary, etc When the foul Spellbinder sends a giant scroll to imprison the entire Earth, even the Librarian may be powerless to stop its vast, unrolling page.
521 ## - TARGET AUDIENCE NOTE
Target audience note junior fiction
Source penworthy
650 #1 - SUBJECT ADDED ENTRY--TOPICAL TERM
Topical term or geographic name as entry element Scrolls
Form subdivision Fiction.
9 (RLIN) 5735768
650 #1 - SUBJECT ADDED ENTRY--TOPICAL TERM
Topical term or geographic name as entry element Books and reading
Form subdivision Fiction.
9 (RLIN) 5684815
650 #1 - SUBJECT ADDED ENTRY--TOPICAL TERM
Topical term or geographic name as entry element Librarians
Form subdivision Fiction.
9 (RLIN) 5696227
650 #1 - SUBJECT ADDED ENTRY--TOPICAL TERM
Topical term or geographic name as entry element Fantasy.
9 (RLIN) 5951574
700 1# - ADDED ENTRY--PERSONAL NAME
Personal name Kendall, Bradford,
Relator term illustrator.
9 (RLIN) 5951575
776 08 - ADDITIONAL PHYSICAL FORM ENTRY
Display text Online version:
Main entry heading Dahl, Michael, author.
Title Smashing scroll
Edition 10th anniversary edition.
Place, publisher, and date of publication North Mankato, Minnesota : Stone Arch Books, 2017
International Standard Book Number 9781496555380
Record control number (DLC) 2017033451
938 ## -
-- YBP Library Services
-- YANK
-- 13508028
938 ## -
-- YBP Library Services
-- YANK
-- 13508022
938 ## -
-- Baker and Taylor
-- BTCP
-- BK0020370540
942 ## - ADDED ENTRY ELEMENTS (KOHA)
Koha item type BOOK
948 ## - LOCAL PROCESSING INFORMATION (OCLC); SERIES PART DESIGNATOR (RLIN)
Series part designator, SPT (RLIN) 09/13/2017
z (OCLC) Sirsi
994 ## -
-- C0
-- WACOL
996 ## -
-- 144265
-- 34301001503434
-- J
-- bk
-- wcl
-- i
-- 5
-- 17.99
-- penworthy
-- Dah
-- 09/18/2017
-- 04/27/2019
-- 04/22/2019
Holdings
Withdrawn status Lost status Source of classification or shelving scheme Damaged status Not for loan Collection code Home library Current library Shelving location Date acquired Source of acquisition Cost, normal purchase price Total Checkouts Total Renewals Full call number Barcode Date last seen Date checked out Cost, replacement price Price effective from Koha item type
    Dewey Decimal Classification     Junior Fiction Wasatch County Library Wasatch County Library Main Floor Junior Area 09/18/2017 Penworthy 17.99 9 4 J Dahl 34301001503434 02/23/2024 05/30/2023 17.99 03/20/2020 BOOK
This project was made possible through a grant from the Institute of Museum and Library Service administered by the Utah State Library Division.

Wasatch County Library

  • 465 East 1200 South, Heber City, Utah 84032
  • Phone 435-654-1511 | Fax 435-654-6456

Hours

  • Monday - Friday 9:30 AM - 8:00 PM
  • Saturday 9:30 AM - 1:30 PM
  • Closed Sundays and Holidays